| 000 | 01687cad a22002535a 4500 | ||
|---|---|---|---|
| 001 | L148996 | ||
| 008 | 091214e20091209xxkd f s f000 0 eng d | ||
| 020 | _a9780101774727 | ||
| 035 | _a(Sirsi) u148996 | ||
| 041 | 0 | _aeng | |
| 050 | 0 | 4 | _a352.4941 $2 18 |
| 110 | 1 |
_aUnited Kingdom _bHM Treasury |
|
| 245 | 0 | 0 |
_a2009 Pre-budget report _bsecuring the recovery, growth and opportunity _h[electronic resource] |
| 260 |
_aLondon _bTSO _c2009 |
||
| 490 | 0 |
_aTSO Cm _v(7747) 9 December 2009 |
|
| 505 | 2 | _aOverview -- Maintaining macroeconomic stability -- Reforming financial services -- Supporting business and growth -- Achieving fairness and providing opportunity -- Protecting public services -- Supporting low-carbon growth -- Annex A: The economy -- Annex B: The public finances | |
| 520 | _aDetails government's tax and spending plans, including public investment, and provides updated forecasts for the economy and projections for public finances. Key measures include: supporting business and growth by extending empty property relief; promoting low carbon growth; ensuring young jobseekers have access to work, work placement or work-related skills; increasing rates of national insurance contributions; restricting pensions tax relief for those who earn over £150 000. Suggests that Government will stick to planned levels of overall departmental spending in 2010-2011. | ||
| 590 | _aKA | ||
| 650 | 2 | 4 | _aPRE-BUDGET REPORT |
| 651 | 4 |
_aEngland and Wales _y1543- |
|
| 690 | _aMANAGEMENT-BUSINESS MANAGEMENT-FINANCIAL MANAGEMENT | ||
| 856 | 4 | 0 |
_uhttps://www.hm-treasury.gov.uk/prebud_pbr09_repindex.htm _vView the report free of charge at www.hm-treasury.gov.uk... |
| 942 | _n0 | ||
| 999 |
_c110321 _d110321 |
||